|
|
|
|
| LEADER |
00000nab a2200000 4500 |
| 008 |
150603b1998 cr f|||| |||| 00| 0 spa d |
| 090 |
|
|
|a REVIS 06.02.01
|
| 100 |
1 |
|
|9 129
|a Mora Vargas, Ana Isabel
|
| 245 |
1 |
0 |
|a Enfoque curricular tradicional versus enfoque holístico /
|c Carlos Díaz Gutierrez
|
| 260 |
|
|
|a San José, Costa Rica :
|b Editorial Universidad de Costa Rica,
|c 1998
|
| 300 |
|
|
|a páginas 141 - 152
|
| 520 |
|
|
|a La sociedad actual es muy cambiante debido a que continuamente se presentan nuevos conocimientos científicos, tecnológicos; también las condiciones socioculturales, políticas, económicas y laborales que superan las viejas ideas. Por esa razón los planes y programas de estudio pierden vigencia. Estos se deben revisar y actualizar de acuerdo con las nuevas tendencias educativas y curriculares. El artículo tiene como propósito destacar la posición curricular de la educación actual y su alternativa de cambio. Se presentan elementos que caracterizan dos concepciones curriculares: la tradicional y la holística. Se destaca el enfoque holístico como la posición teórico-práctica que debe adoptar la institución educativa para diseñar y llevar a la práctica un currículum. Esta concepción curricular, está centrada en el estudiante, enfatiza en la transmisión de la información en forma integrada y, de manera participativa y dinámica, que le permita al estudiante construir su propio conocimiento
|
| 650 |
1 |
4 |
|9 1
|a EDUCACIÓN
|
| 773 |
0 |
|
|d San José, Costa Rica : Editorial de la Universidad de Costa Rica, 1997-
|o R0021
|t EDUCACIÓN: Revista de la Universidad de Costa Rica
|g Vol.22, no.2 (1998)
|
| 942 |
|
|
|h REVIS 06.02.01
|2 z
|c 10
|
| 999 |
|
|
|c 2611
|d 2611
|